000 00962nam a2200265 a 4500
001 55848
003 BD-RjUL
005 20211209080324.0
008 161122s2000 enkab 001 0 eng
020 _a0415189624(pbk.) :
020 _a0415189616(pbk.) :
035 _a(BD-RjUL) 55972
040 _aBDS
_beng
_cBD-RjUL
_dBD-RjUL
041 _aeng
082 1 4 _a621.3678
_223
_bGII 2000
100 1 _aGibson, Paul J.,
_q(Paul Jude),
_d1954-
_9166279
245 1 0 _aIntroductory remote sensing :
_bdigital image processing and applications /
_cPaul J. Gibson and Clare H. Power, with contributing editors, Sally E. Goldin and Kurt T. Rudahl.
260 _aLondon :
_bRoutledge,
_cc2000.
300 _axix,249 p., [16] p. :
_bill. ;
_c26 cm.
504 _aIncludes bibliographical references and index
650 0 _aRemote sensing.
_9160829
650 0 _aImage processing
_xDigital techniques.
_9118647
700 1 _aPower, Clare H.
_9166280
942 _2ddc
_cBK
_01
999 _c55848
_d55848